000 00582nam a2200205Ia 4500
005 20250508151437.0
008 008 250505s9999 xx 000 0 eng d
037 _aTextual
040 _aFEDL
_beng
_cFEDL
041 _aeng
_2eng
084 _a640.7, WIL
_qFEDL
100 _aWilliamson Maude
_9759145
245 0 _aHomemaking education in the high school
250 _a3rd
260 _aNew York, USA
_bAppleton-Century-Crofts
_c1954
300 _axi,423p.
700 _a Lyle Mary Stewart
_9759146
942 _cTEXL
_h640.7, WIL
999 _c1329827
_d1329827